<?xml version="1.0" encoding="UTF-8"?>
<record
    xmlns:xsi="http://www.w3.org/2001/XMLSchema-instance"
    xsi:schemaLocation="http://www.loc.gov/MARC21/slim http://www.loc.gov/standards/marcxml/schema/MARC21slim.xsd"
    xmlns="http://www.loc.gov/MARC21/slim">

  <leader>00591nam a2200205 a 4500</leader>
  <datafield tag="999" ind1=" " ind2=" ">
    <subfield code="c">2038</subfield>
    <subfield code="d">2038</subfield>
  </datafield>
  <controlfield tag="007">ta</controlfield>
  <controlfield tag="008">200127r2016    ii ||||g |||| 00| 0 eng d</controlfield>
  <datafield tag="020" ind1=" " ind2=" ">
    <subfield code="a">9789384175108</subfield>
    <subfield code="c">Rs. 600.00</subfield>
  </datafield>
  <datafield tag="040" ind1=" " ind2=" ">
    <subfield code="a">KO</subfield>
    <subfield code="b">eng</subfield>
  </datafield>
  <datafield tag="041" ind1="0" ind2=" ">
    <subfield code="a">eng</subfield>
  </datafield>
  <datafield tag="044" ind1=" " ind2=" ">
    <subfield code="a">ii</subfield>
  </datafield>
  <datafield tag="082" ind1="0" ind2="4">
    <subfield code="2">23</subfield>
    <subfield code="a">032</subfield>
    <subfield code="b">C73848</subfield>
  </datafield>
  <datafield tag="245" ind1="1" ind2="0">
    <subfield code="a">Competition Success review :</subfield>
    <subfield code="b">General Knowledge Encyclopedia 2016 /</subfield>
  </datafield>
  <datafield tag="260" ind1=" " ind2=" ">
    <subfield code="a">New Delhi :</subfield>
    <subfield code="b">Competition Review Pvt. Ltd. ,</subfield>
    <subfield code="c">2016 .</subfield>
  </datafield>
  <datafield tag="300" ind1=" " ind2=" ">
    <subfield code="a">416 p. :</subfield>
    <subfield code="c">20 cm .</subfield>
  </datafield>
  <datafield tag="650" ind1=" " ind2="0">
    <subfield code="a">Brown, Encyclopedia (Fictitious character)</subfield>
    <subfield code="v">Handbooks, manuals, etc</subfield>
  </datafield>
  <datafield tag="852" ind1=" " ind2=" ">
    <subfield code="a">KO</subfield>
  </datafield>
  <datafield tag="904" ind1=" " ind2=" ">
    <subfield code="a">Reshma_R</subfield>
  </datafield>
  <datafield tag="942" ind1=" " ind2=" ">
    <subfield code="c">BK</subfield>
  </datafield>
  <datafield tag="952" ind1=" " ind2=" ">
    <subfield code="0">0</subfield>
    <subfield code="1">0</subfield>
    <subfield code="2">ddc</subfield>
    <subfield code="4">0</subfield>
    <subfield code="6">032_000000000000000_C73848</subfield>
    <subfield code="7">0</subfield>
    <subfield code="8">GIFTC</subfield>
    <subfield code="9">6183</subfield>
    <subfield code="a">KO</subfield>
    <subfield code="b">KO</subfield>
    <subfield code="c">FIC</subfield>
    <subfield code="d">2016-01-27</subfield>
    <subfield code="e">Donated Books</subfield>
    <subfield code="o">032 C73848</subfield>
    <subfield code="p">G0043</subfield>
    <subfield code="r">2020-01-27</subfield>
    <subfield code="y">GR</subfield>
    <subfield code="z">Shelf-18, Row-1</subfield>
  </datafield>
  <datafield tag="952" ind1=" " ind2=" ">
    <subfield code="0">0</subfield>
    <subfield code="1">0</subfield>
    <subfield code="2">ddc</subfield>
    <subfield code="4">0</subfield>
    <subfield code="6">032_000000000000000_C73848</subfield>
    <subfield code="7">0</subfield>
    <subfield code="8">GIFTC</subfield>
    <subfield code="9">6189</subfield>
    <subfield code="a">KO</subfield>
    <subfield code="b">KO</subfield>
    <subfield code="c">FIC</subfield>
    <subfield code="d">2016-01-27</subfield>
    <subfield code="e">Donated Books</subfield>
    <subfield code="o">032 C73848</subfield>
    <subfield code="p">G0118</subfield>
    <subfield code="r">2020-01-28</subfield>
    <subfield code="y">GR</subfield>
    <subfield code="z">Shelf-18, Row-1</subfield>
  </datafield>
</record>
